000 00276nam a2200121Ia 4500
008 190216s9999||||xx |||||||||||||| ||und||
100 _aRudin Walter
245 0 _aFunctional Analysis
260 _bMcgraw -hill
_c1973
300 _a397p
650 _aMathematics
942 _cBK
999 _c30647
_d30647